Top 4 Finishers in World National Team Football - Statistics

General Stats
  • This quiz has been taken 57 times
  • The average score is 19 of 23
Answer Stats
Top 4 G S B 4th Country % Correct
8 4 4 0 0 Argentina
100%
19 7 5 4 3 Brazil
100%
9 3 3 2 1 France
100%
16 4 5 5 2 Germany
inc. West Germany
100%
15 5 2 3 5 Italy
98%
7 4 0 0 3 Uruguay
96%
7 3 3 0 1 Spain
94%
6 3 0 0 3 England
92%
2 0 0 1 1 United States
92%
4 1 0 1 2 Belgium
90%
8 1 1 4 2 Sweden
90%
3 0 0 1 2 Portugal
88%
9 0 3 4 2 Netherlands
84%
6 1 2 2 1 Poland
82%
2 0 0 2 0 Chile
78%
7 3 3 1 0 Hungary
73%
3 0 1 1 1 Austria
71%
6 2 0 3 1 Soviet Union
71%
2 0 0 1 1 Morocco
67%
2 0 0 1 1 South Korea
65%
3 0 1 1 1 Bulgaria
61%
9 1 3 2 3 Yugoslavia
61%
4 1 3 0 0 Czechoslovakia
51%
No matching quizzes found
Score Distribution
Percent of People with Each Score
Percentile by Number Answered
Your Score History
You have not taken this quiz